| 000 | 00491nam a2200181Ia 4500 | ||
|---|---|---|---|
| 008 | 170510s9999 xx 000 0 und d | ||
| 100 | _aPaul Hodkinson | ||
| 245 | _aBedrooms and beyond: Youth, identity and privacy on social network sites | ||
| 245 | _cPaul Hodkinson | ||
| 260 | _bSAGE | ||
| 260 | _c2017 | ||
| 300 | _apages 272-288,February | ||
| 440 |
_aNew Media & Society _v19:2 |
||
| 650 | _aIdentity | ||
| 650 | _aPrivacy | ||
| 650 | _aSocial network site | ||
| 650 | _aYouth | ||
| 999 |
_c329856 _d329856 |
||